| 000 | 01892cam a2200433 a 4500 | ||
|---|---|---|---|
| 001 | 000010641 | ||
| 003 | DO-SdBNP | ||
| 005 | 20250409133051.0 | ||
| 008 | 880603s1986 ve a b 000 0 spa d | ||
| 020 | _a980030018X | ||
| 040 |
_aDO-SdBNP _bspa _cLC _dBNPHU |
||
| 041 | 1 | 7 |
_aspa _heng _hger _2Código de idioma MARC |
| 049 | _aBNGR | ||
| 082 |
_a508.987 _bE71ó |
||
| 100 | 1 |
_aErnst, Adolfo, _d1832-1899 _925751 |
|
| 245 | 1 | 0 |
_aObras completas / _cAdolfo Ernst ; compilación por Blas Bruni Celli ; traducción del alemán de Lottie de Vareschi y Yolanda Steffens ; traducción del inglés de Elsie Marín de Carrillo y Martha Rodríguez de García ; coordinador de la edición, Miguel A. Suárez. |
| 260 |
_aCaracas : _bPresidencia de la República, _c1986. |
||
| 300 |
_av. : _bil. ; _c24 cm. |
||
| 490 | 1 | _aBiblioteca presidencial | |
| 500 | _aLa bibioteca sólo posee los volúmenes 1, 2, 3, 4 y 5. | ||
| 504 | _aIncluye referencias bibliográficas. | ||
| 505 | 0 |
_gv. 1. _tBotánica 1 -- _gv. 2. _tBotánica 2 -- _gv. 3. _tLa exposición nacional de Venezuela en 1883. 1 -- _gv. 4. _tLa exposición nacional de Venezuela en 1883. 2 -- _gv. 5. _tZoología. |
|
| 600 | 1 | 4 |
_aErnest, Adolfo _d1832-1899 _925753 |
| 600 | 1 | 4 |
_aBLANCO, GUZMÁN, _d1829-1899 _925756 |
| 650 | 4 |
_aHistoria natural _zVenezuela _925752 |
|
| 650 | 4 |
_aCiencias naturales _xEnseñanza _925754 |
|
| 650 | 4 |
_aZoología _zVenezuela _925755 |
|
| 650 | 4 |
_aProtección del medio ambiente _94185 |
|
| 700 | 1 |
_aVareschi, Lottie de, _etr. _925757 |
|
| 700 | 1 |
_aSteffens, Yolanda, _etr. _925758 |
|
| 700 | 1 |
_aMarín de Carrillo, Elsie, _etr. _925759 |
|
| 700 | 1 |
_aRodríguez de García, Martha, _etr. _925760 |
|
| 700 | 1 |
_aBruni Celli, Blas, _d1925- _ecomp. _94439 |
|
| 700 | 1 |
_aSuárez, Miguel A. _925761 |
|
| 830 | 0 |
_aBiblioteca Presidencial _925762 |
|
| 910 | _aCatalogación derivada | ||
| 910 | _aWM | ||
| 942 |
_2ddc _cLBS1 |
||
| 999 |
_c10399 _d10399 |
||